02185cam a2200349 a 450000100090000000300050000900500170001400800410003101000170007202000180008903500240010704000440013104200080017505000320018310000200021524500800023526000440031530000600035949000260041950000220044550502600046752008470072763000220157463000200159663000410161663000360165763000220169363000230171565000330173870000200177180000440179116251155PILC20160531144159.0100525s2011 maua 001 0 eng c a 2010929505 a9780538747073 a(OCoLC)ocn502032710 aBTCTAbengcBTCTAdUPMdYDXCPdSGBdDLC apcc00aHF 5548.4.M525b.Sh545 20111 aShelly, Gary B.10aMicrosoft Office 2010 :bintroductory /cGary B. Shelly, Misty E. Vermaat ; aBoston, MA :bCourse Technology,c2011. a1 v. (various pagings) :bcolor illustrations ;c28 cm.1 aShelly Cashman series aIncludes indexes.0 aIntroduction to computers -- Microsoft Office 2010 and Windows 7 -- Microsoft Word 2010 -- Microsoft PowerPoint 2010 -- Microsoft Excel 2010 -- Microsoft Access 2010 -- Microsoft Outlook 2010 -- Capstone projects -- Appendix : Project planning guidelines. aFeatures of this book include: A step-by-step, screen-by-screen approach allowing students to successfully learn and retain information to be used in their personal and professional lives; New opening chapter presents Office 2010 and Windows 7 skills preventing coverage of basic skills in the applications chapters and providing students with a strong base for further learning; Expanded coverage of PowerPoint and Outlook provides a thorough introduction to these applications and gives exposure to the numerous enhancements made to Office 2010; Chapter topic redistribution offers concise chapters that ensure complete skill coverage and lead to more manageable chapters; New pedagogical elements enrich material and create an accessible and user-friendly approach allowing easy navigation through the skills in each chapter. - Back cover.00aMicrosoft Office.00aMicrosoft Word.00aMicrosoft PowerPoint (Computer file)00aMicrosoft Excel (Computer file)00aMicrosoft Access.00aMicrosoft Outlook. 0aBusinessxComputer programs.1 aVermaat, Misty.1 aShelly, Gary B.tShelly Cashman series.